| 000 | 00709cam a2200241 4500 | ||
|---|---|---|---|
| 001 | ABS62501 | ||
| 008 | 000000n2000 000 0 eng u | ||
| 035 | _a(Sirsi) u106622 | ||
| 100 | _aKnutt, E. | ||
| 245 | _aMaybe babies | ||
| 260 | _c2000 | ||
| 490 |
_aEstates Gazette _v(0022) 3 June 2000, 59-63(5) |
||
| 520 | _aReports on some e-initiatives between property owners and dot.com start-ups. Some landlords are offering space in return for equity. | ||
| 590 | _aABS | ||
| 650 | _aE-COMMERCE | ||
| 650 | _aINTERNET COMPANIES | ||
| 650 | _aEQUITY | ||
| 650 | _aOFFICE SPACE | ||
| 650 | _aPROPERTY COMPANIES | ||
| 650 | _aLANDLORDS | ||
| 690 | _aINFORMATION TECHNOLOGY-INTERNET | ||
| 942 | _n0 | ||
| 999 |
_c63846 _d63846 |
||